Statistics for Municipalities of Luxembourg on the Belgian border

Click here to take the quiz!

General Stats

  • This quiz has been taken 2 times
  • The average score is 4 of 15

Answer Stats

Answer% Correct
Käerjeng
100%
Pétange
100%
Clervaux
50%
Garnich
50%
Habscht
50%
Steinfort
50%
Beckerich
0%
Boulaide
0%
Ell
0%
Lac de la Haute Sûre
0%
Rambrouch
0%
Troisvierges
0%
Weiswampach
0%
Wincrange
0%
Winseler
0%

Score Distribution

Percentile by Number Answered

Percent of People with Each Score

Your Score History

You have not taken this quiz